000
00269nam a2200121Ia 4500
008
190216s9999||||xx |||||||||||||| ||und||
100
_a
M.N Arora
245
0
_a
Cost Accounting
250
_a
1st Ed.
260
_b
Vikas Publications
_c
2008
300
_a
991p
942
_c
BK
999
_c
5045
_d
5045